[Event "JUG-chT"]
[Site "Zlatibor"]
[Date "1989.??.??"]
[Round "?"]
[White "Dengler, Dijana"]
[Black "Bojkovic, Natasa"]
[Result "0-1"]
[WhiteElo "2065"]
[BlackElo "2275"]

1.d4 Nf6 2.c4 g6 3.Nc3 d5 4.cxd5 Nxd5 5.e4 Nxc3 6.bxc3 Bg7 7.Nf3 c5 8.Rb1 O-O
9.Be2 Bg4 10.Be3 Nc6 11.e5 cxd4 12.cxd4 Qd7 13.O-O Rfd8 14.Qb3 Be6 15.Qb2 Bd5
16.Rfd1 f6 17.a3 Qf5 18.Bd3 Qe6 19.exf6 exf6 20.Re1 Rd7 21.Bh6 Qd6 22.Bxg7 Kxg7
23.Be4 Re8 24.Bxd5 Rxe1+ 25.Rxe1 Qxd5 26.h3 Re7 27.Rxe7+ Nxe7 28.Qb4 Kf7
29.Kf1 b6 30.Qc3 Nc6 31.Ke2 b5 32.Ke3 a5 33.Nd2 a4 34.f3 Ne7 35.g4 Qd7 36.Qb2 Nd5+
37.Kd3 Qc6 38.h4 Nf4+ 39.Ke3 Ng2+ 40.Kd3 Nxh4 41.Qa2+ Kg7 42.d5 Qd7 43.Kd4 Qd6
44.Kd3 Qe5 45.f4 Qxf4 46.Qb2 Nf3 47.Nxf3 Qxf3+ 48.Kd4 Qf4+ 49.Kc5 Qc7+ 50.Kb4 Qd6+  0-1

[Event "JUG-chT"]
[Site "Zlatibor"]
[Date "1989.??.??"]
[Round "?"]
[White "Maksimovic, Branimir"]
[Black "Bogdanovic, Rajko"]
[Result "1/2-1/2"]
[WhiteElo "2350"]
[BlackElo "2315"]

1.d4 Nf6 2.c4 g6 3.Nc3 d5 4.cxd5 Nxd5 5.e4 Nxc3 6.bxc3 Bg7 7.Bc4 c5 8.Ne2 Nc6
9.Be3 O-O 10.O-O Qc7 11.Rc1 Rd8 12.Bf4 Qd7 13.d5 Ne5 14.Bb3 b5 15.c4 Nxc4
16.Bxc4 bxc4 17.Rxc4  1/2-1/2

[Event "JUG-chT"]
[Site "Zlatibor"]
[Date "1989.??.??"]
[Round "?"]
[White "Lazic, Marina"]
[Black "Bojkovic, Natasa"]
[Result "1/2-1/2"]
[WhiteElo "2135"]
[BlackElo "2275"]

1.d4 Nf6 2.c4 g6 3.Nc3 d5 4.cxd5 Nxd5 5.e4 Nxc3 6.bxc3 Bg7 7.Bc4 O-O 8.Ne2 Nc6
9.Be3 e5 10.O-O Qe7 11.d5 Na5 12.Bd3 b6 13.Qc1 Bd7 14.Ba6 b5 15.c4 Nxc4 16.Rb1 Nxe3
17.fxe3 Bh6 18.Bxb5 Bxb5 19.Rxb5 Rab8 20.Rc5 Rb1 21.Qxb1 Qxc5 22.Kh1 Bxe3
23.Qb3 Qb6 24.Qc4 Bc5 25.Nc3 Bd6 26.Rb1 Qe3 27.Nb5 f5 28.exf5 Rxf5 29.Nxd6 cxd6
30.Qc8+ Kg7 31.Qd7+ Kh6 32.Qxd6 Qd3 33.Rg1 e4 34.Qd8 Qxd5 35.Qh4+ Kg7 36.Rc1 Rf7
37.Qg3 Re7 38.Qc3+ Kh6 39.Qe3+ Qg5 40.Qh3+ Kg7 41.Qc3+ Qf6 42.Qe3 a5 43.h3 h6
44.Rc5 Qa1+ 45.Kh2 a4 46.Ra5 Qxa2  1/2-1/2

[Event "Aarhus op"]
[Site "Aarhus"]
[Date "1990.??.??"]
[Round "1"]
[White "Borge, Nikolaj"]
[Black "Jukic, Branimir"]
[Result "1-0"]
[WhiteElo "2330"]
[BlackElo "2355"]

1.d4 Nf6 2.c4 g6 3.Nc3 d5 4.cxd5 Nxd5 5.e4 Nxc3 6.bxc3 Bg7 7.Nf3 O-O 8.Be2 c5
9.Rb1 cxd4 10.cxd4 Qa5+ 11.Bd2 Qxa2 12.O-O Nd7 13.Qc1 Nb6 14.Ra1 Qe6 15.Bd3 Rd8
16.Bc3 Qc6 17.Ra3 e5 18.d5 Qd6 19.Qb2 Re8 20.Rfa1 Bd7 21.Nd2 Rec8 22.Ba5 Nxd5
23.exd5 e4 24.Nxe4 Bxb2 25.Nxd6 Rc5 26.Ne4 Bxa3 27.Bd2 Bb2 28.Nxc5 Bxa1 29.Nxd7 Rd8
30.Bb5 a6 31.Ba5 Rc8 32.Bf1 Rc2 33.g4 f6 34.Bd3 Ra2 35.Bb6 Kf7 36.d6 Ra4
37.Ne5+ Bxe5 38.d7 Rxg4+ 39.Kf1 Rd4 40.Bxd4 Bc7 41.Be4 b5 42.Bc6 h5 43.Bc5 Ke6
44.Ke2 g5 45.Kd3 f5 46.Be3 Bd8 47.h4 f4 48.Bd2 gxh4 49.Bxf4 h3 50.Ke4 b4
51.Ba4 a5 52.Be5 Bf6 53.Bh2 b3 54.Bxb3+ Kxd7 55.Bd1 Ke6 56.Bxh5 a4 57.Bg4+ Ke7
58.Kd5 Bh4 59.Bd6+ Kf7 60.Be6+ Kg7 61.f3 a3 62.Ke4 Be7 63.Be5+ Bf6 64.Bh2 Kg6
65.Kf4 Bb2 66.Kg4 Kf6 67.Bg8 Bc1 68.Kxh3 Bb2 69.Kg4 Bc1 70.Ba2 Bb2 71.Bg3 Bc1
72.f4 Bb2 73.Bh4+ Kg6 74.f5+ Kg7 75.Kf4  1-0

[Event "Aarhus op"]
[Site "Aarhus"]
[Date "1990.??.??"]
[Round "4"]
[White "Kula, Robert"]
[Black "Topakian, Raffi"]
[Result "1-0"]
[WhiteElo "2295"]
[BlackElo "2230"]

1.d4 Nf6 2.c4 g6 3.Nc3 d5 4.cxd5 Nxd5 5.e4 Nxc3 6.bxc3 Bg7 7.Bc4 O-O 8.Ne2 Qd7
9.O-O b6 10.Qd3 Bb7 11.f4 Nc6 12.f5 Na5 13.Bb3 c5 14.Bc2 cxd4 15.Be3 Rac8
16.cxd4 Ba6 17.Qxa6 Rxc2 18.Qd3 Rfc8 19.Rf3 Qa4 20.e5 Qc4 21.Nc1 Qc3 22.Qxc3 R8xc3
23.fxg6 hxg6 24.Rf2 f6 25.Bd2 Rc4 26.Nb3 Nxb3 27.axb3 Rxd4 28.Be3 Rxf2 29.Bxf2 Rd3
30.Kf1 Rxb3 31.Rxa7 fxe5 32.Ra6 b5 33.Rxg6 Kf7 34.Rb6 Rb2 35.Rb7 Bf6 36.Bc5 e4
37.h3 Ke6 38.g3 Kd5 39.Bxe7 Bxe7 40.Rxe7 b4 41.h4 b3 42.Rb7 e3 43.h5 Kc4
44.h6 Rh2 45.h7 Kc3 46.Rc7+ Kd2 47.Rd7+ Kc2 48.Rc7+ Kd1 49.Rd7+ Kc1 50.Rc7+ Kd1
51.Rd7+ Kc2 52.Rc7+ Kb1 53.g4 b2 54.g5 Ka2 55.Ra7+ Kb3 56.Rb7+ Kc3 57.g6 e2+
58.Ke1 Kd3 59.Rb3+ Kc2 60.Rxb2+ Kxb2 61.g7 Rxh7 62.g8=Q Rh1+ 63.Kxe2 Rh2+
64.Kf1 Rh1+ 65.Kg2 Rd1 66.Qb8+ Kc2 67.Qc7+ Kb2 68.Qb6+ Kc2 69.Qc5+ Kb2 70.Kf2 Rd3
71.Ke2 Rc3 72.Qb4+ Rb3 73.Qd2+ Kb1 74.Kd1 Ka1 75.Qd4+ Kb1 76.Kd2 Rg3 77.Qe4+ Ka2
78.Qe6+  1-0

[Event "JUG-chT FL"]
[Site "Arandjelovac"]
[Date "1990.??.??"]
[Round "9"]
[White "Pavlovic, Slobodan"]
[Black "Milic, Stevica"]
[Result "1/2-1/2"]
[WhiteElo "2250"]
[BlackElo "2560"]

1.d4 Nf6 2.c4 g6 3.Nc3 d5 4.cxd5 Nxd5 5.e4 Nxc3 6.bxc3 Bg7 7.Bc4 O-O 8.Ne2 c5
9.O-O Nc6 10.Be3 Bg4 11.f3 Na5 12.Bd5 Bd7 13.dxc5 e6 14.Bb3 Bb5 15.Qc2 Bd3
16.Qb2 Nc4 17.Bxc4 Bxc4 18.Rfe1 Qc7 19.Qb4 Ba6 20.Rac1 Rfc8 21.Nd4 Be5 22.h3 Qxc5
23.Qxc5 Rxc5 24.Nxe6 Ra5 25.Nc5 Rxa2 26.f4 Bd6  1/2-1/2

[Event "SWZ-ch"]
[Site "Arosa"]
[Date "1990.??.??"]
[Round "?"]
[White "Zueger, Beat"]
[Black "Bichsel, Walter"]
[Result "1-0"]
[WhiteElo "2415"]
[BlackElo "2310"]

1.d4 Nf6 2.c4 g6 3.Nc3 d5 4.cxd5 Nxd5 5.e4 Nxc3 6.bxc3 Bg7 7.Bc4 c5 8.Ne2 Nc6
9.Be3 O-O 10.Rb1 Na5 11.Bd3 cxd4 12.cxd4 b6 13.h4 Bb7 14.h5 e6 15.Qd2 Qd7
16.Bh6 f5 17.hxg6 fxe4 18.Bb5 Bxh6 19.Rxh6 Qg7 20.Ng3 hxg6 21.Qg5 Kf7 22.Nh5 gxh5
23.Qxh5+ Kg8 24.Rg6 Rf6 25.Rxg7+ Kxg7 26.Rc1 Raf8 27.Rc3 Rg6 28.Rc7+ Kf6
29.Qe5+  1-0

[Event "Azov Interzonal (Women)"]
[Site "Azov"]
[Date "1990.??.??"]
[Round "7"]
[White "Burtman, Sharon"]
[Black "Arakhamia, Ketevan"]
[Result "0-1"]
[WhiteElo "2045"]
[BlackElo "2385"]

1.d4 Nf6 2.c4 g6 3.Nc3 d5 4.cxd5 Nxd5 5.e4 Nxc3 6.bxc3 Bg7 7.Bc4 O-O 8.Ne2 Nc6
9.O-O b6 10.Be3 Bb7 11.Qd2 e6 12.Bh6 Na5 13.Bd3 c5 14.Rad1 Rc8 15.Bxg7 Kxg7
16.f4 f5 17.d5 fxe4 18.Bxe4 Nc4 19.Qc1 exd5 20.Ng3 Rc7 21.f5 Rcf7 22.Qf4 Qe7
23.Bxd5 Bxd5 24.Rxd5 Qe3+ 25.Kh1 Qxf4 26.Rxf4 Ne3 27.Re5 Nxf5 28.Ra4 Rd7
29.Re1 Nxg3+ 30.hxg3 Rf2 31.Rc1 a5 32.Re1 Rdd2 33.Rg1 Rxa2 34.Re4 Rae2 35.Ra4 Re5
36.Ra3 Rh5+  0-1

[Event "Azov Interzonal (Women)"]
[Site "Azov"]
[Date "1990.??.??"]
[Round "7"]
[White "Botsari Miladinovic, Anna Maria"]
[Black "Amura, Claudia Noemi"]
[Result "1/2-1/2"]
[WhiteElo "2205"]
[BlackElo "2285"]

1.d4 Nf6 2.c4 g6 3.Nc3 d5 4.cxd5 Nxd5 5.e4 Nxc3 6.bxc3 Bg7 7.Nf3 c5 8.Rb1 O-O
9.Be2 cxd4 10.cxd4 Qa5+ 11.Bd2 Qxa2 12.O-O Qe6 13.Qc2 Qd6 14.Bb4 Qd8 15.d5 Bg4
16.Ba3 b6 17.Rfc1 Nd7 18.Qc7 Nc5 19.Qf4 Bxf3 20.Qxf3 Rc8 21.Qe3 Qd6 22.Rb5 Be5
23.g3 Qf6 24.Rd1 Na4 25.f4 Bb8 26.e5 Qf5 27.Rb3 Nc5 28.Rc3 a5 29.Bxc5 bxc5
30.Ba6 Rc7 31.Qd3 Qxd3 32.Rcxd3 Rd8 33.Ra3 Rcd7 34.Bc4 Ra7 35.Rb1 Kg7 36.Rb5 f6
37.exf6+ Kxf6 38.Raxa5 Rxa5 39.Rxa5 Bd6 40.Ra2 Rb8 41.Kf2 Rb4 42.Rc2 Ra4
43.Rc3 Ra1 44.Kf3 Rh1 45.Rc2 Rd1 46.Ke3  1/2-1/2

[Event "Bahrain"]
[Site "Bahrain"]
[Date "1990.??.??"]
[Round "3"]
[White "Abdennabi, Imed"]
[Black "Abou el Zein, Eid Mahmoud"]
[Result "1/2-1/2"]
[WhiteElo "2370"]
[BlackElo "2330"]

1.c4 Nf6 2.Nc3 g6 3.d4 d5 4.cxd5 Nxd5 5.e4 Nxc3 6.bxc3 Bg7 7.Bc4 c5 8.Ne2 O-O
9.O-O Nc6 10.Be3 Qc7 11.Rc1 Rd8 12.Qd2 Na5 13.Bd3 b6  1/2-1/2

[Event "Belgrade-B"]
[Site "Belgrade"]
[Date "1990.??.??"]
[Round "10"]
[White "Kostadinov, Rumen"]
[Black "Zahariev, Zahari"]
[Result "0-1"]
[WhiteElo "2250"]
[BlackElo "2405"]

1.d4 Nf6 2.c4 g6 3.Nc3 d5 4.cxd5 Nxd5 5.e4 Nxc3 6.bxc3 Bg7 7.Nf3 c5 8.Bc4 Nc6
9.Be3 O-O 10.O-O cxd4 11.cxd4 Bg4 12.d5 Ne5 13.Bb3 Nxf3+ 14.gxf3 Bxa1 15.Qxa1 Bxf3
16.Bh6 f6 17.Qc3 Be2 18.Re1 Rc8 19.Qd4 e5 20.Qxa7 Qd7 21.Qe3 Qg4+ 22.Qg3 Rfd8
23.Bd2 Qxe4 24.Bd1 Qxd5 25.Rxe2 Rc1  0-1

[Event "Bern zt"]
[Site "Bern"]
[Date "1990.??.??"]
[Round "4"]
[White "Rechlis, Gad"]
[Black "Kindermann, Stefan"]
[Result "1/2-1/2"]
[WhiteElo "2470"]
[BlackElo "2560"]

1.d4 Nf6 2.c4 g6 3.Nc3 d5 4.cxd5 Nxd5 5.e4 Nxc3 6.bxc3 Bg7 7.Bc4 O-O 8.Ne2 b6
9.Qd3 Nc6 10.Bd5 Qd7 11.Ba3 Bb7 12.O-O Rfe8 13.Rab1 e6 14.Bc4 Na5 15.Bb5 Bc6
16.Ba6 Ba4 17.c4 c5 18.d5 Nc6 19.Rfc1 Nb8 20.Bb5 Bxb5 21.Rxb5 Nc6 22.Qh3 Ne5
23.Rbb1 exd5 24.Qxd7 Nxd7 25.cxd5 Rxe4 26.Nc3 Bxc3 27.Rxc3 Rae8 28.Rcc1 Rd4
29.Rd1 Rxd1+ 30.Rxd1 Re2 31.Bc1 Rxa2 32.Re1 Ra1 33.h4 f6 34.d6 Ne5 35.f4 Nc6
36.d7 Kf7 37.Kh2 f5 38.h5 Ra4 39.Re8 Rc4 40.Bb2 Rxf4 41.hxg6+ hxg6 42.Rc8 Rh4+
43.Kg1 Ke6 44.Rxc6+ Kxd7 45.Rxg6 Rb4 46.Be5 a5 47.Kf2 a4 48.Kf3 a3 49.Rd6+ Ke7
50.Rd3 Ke6 51.Ba1 Ra4 52.Rb3 Ra6 53.Kf4 Ra4+ 54.Kf3 Ra6 55.Kf4 Ra4+ 56.Kf3 Ra6
57.Kf4  1/2-1/2

[Event "Biel op (Women)"]
[Site "Biel"]
[Date "1990.??.??"]
[Round "3"]
[White "Lazic, Marina"]
[Black "Filipovic, Irena"]
[Result "1-0"]
[WhiteElo "2150"]
[BlackElo "2025"]

1.d4 Nf6 2.c4 g6 3.Nc3 d5 4.cxd5 Nxd5 5.e4 Nxc3 6.bxc3 Bg7 7.Bc4 c5 8.Ne2 O-O
9.Be3 Nc6 10.Rc1 cxd4 11.cxd4 Qa5+ 12.Kf1 Bd7 13.h4 h5 14.Ng3 Bg4 15.f3 Bd7
16.Kf2 Rad8 17.Bb3 Nxd4 18.Bxd4 Bb5 19.Bd5 e6 20.Bxg7 Kxg7 21.Qd4+ Kg8 22.Rc2 exd5
23.exd5 Bc6 24.Ne4 Qa4 25.Qc3 f5 26.Nc5 Qxc2+ 27.Qxc2 Bxd5 28.Rd1 b6 29.Nd3 Rc8
30.Qb2 Rfd8 31.Nf4 Bf7 32.Rxd8+ Rxd8 33.Kg3 Rd6 34.Qe5 Rd7 35.Ne6  1-0

[Event "Biel op"]
[Site "Biel"]
[Date "1990.??.??"]
[Round "3"]
[White "Bellon Lopez, Juan Manuel"]
[Black "Dzevlan, Miralem"]
[Result "1/2-1/2"]
[WhiteElo "2475"]
[BlackElo "2420"]

1.d4 Nf6 2.c4 g6 3.Nc3 d5 4.cxd5 Nxd5 5.e4 Nxc3 6.bxc3 Bg7 7.Qa4+ Nd7 8.Nf3 O-O
9.Bg5 c5 10.Rc1 Qc7 11.Bd3 e5 12.O-O a6 13.Qa3 c4 14.Be2 b5 15.Be7 Re8 16.Bd6 Bf8
17.Bxf8 Rxf8 18.Qe7 exd4 19.Nxd4 Bb7 20.Rcd1 Rad8 21.Nf5 gxf5 22.Rxd7 Qxd7
23.Qg5+ Kh8 24.Qf6+ Kg8 25.Qg5+  1/2-1/2

[Event "Biel op"]
[Site "Biel"]
[Date "1990.??.??"]
[Round "4"]
[White "Arlandi, Ennio"]
[Black "Zakic, Srdjan"]
[Result "1/2-1/2"]
[WhiteElo "2400"]
[BlackElo "2425"]

1.d4 Nf6 2.c4 g6 3.Nc3 d5 4.cxd5 Nxd5 5.e4 Nxc3 6.bxc3 Bg7 7.Bc4 O-O 8.Ne2 Nc6
9.O-O b6 10.Bd3 Bb7 11.Be3 Qd7 12.f4 e6 13.e5 Na5 14.Ng3 Bd5 15.Be4 Nc4 16.Qe2 f5
17.exf6 Bxf6 18.Rad1 Rae8 19.Bc1 Bh4 20.Bd3 Bxg3 21.Bxc4 Bh4 22.Bb5 c6 23.Bd3 b5
24.Ba3 Be7 25.Bxe7 Qxe7 26.c4 bxc4 27.Bxc4 Qb4 28.Bxd5 exd5 29.Qd2 Qxd2 30.Rxd2 Re4
31.g3 Rb8 32.Rc1 Rb6 33.Kf2 Kf7 34.Kf3 Ke6 35.Kg4 Kf6 36.Rdc2 Re6 37.Rc3 h5+
38.Kf3 Ra6 39.R1c2 Ke7  1/2-1/2

[Event "Biel op"]
[Site "Biel"]
[Date "1990.??.??"]
[Round "4"]
[White "Ionescu, Constantin"]
[Black "Gutman, Lev"]
[Result "1/2-1/2"]
[WhiteElo "2440"]
[BlackElo "2450"]

1.d4 Nf6 2.c4 g6 3.Nc3 d5 4.cxd5 Nxd5 5.e4 Nxc3 6.bxc3 Bg7 7.Bc4 c5 8.Ne2 Nc6
9.Be3 O-O 10.Rc1 Qc7 11.Qd2 e5 12.dxc5 Be6 13.Bd5 Rfd8 14.O-O Na5 15.c4 Bf8
16.f4 Bxc5 17.Kh1 Rac8 18.f5 Bxd5 19.cxd5 Nc4 20.Rxc4 Bxe3 21.Rxc7 Bxd2 22.Rxb7 Rc4
23.fxg6 fxg6 24.Rff7 Bh6 25.Rxh7 Bf8 26.h4 Rxe4 27.Ng3 Re3 28.Kh2 Rxd5 29.h5 e4
30.hxg6 Rg5 31.g7 Be7 32.Rxe7 Kxh7 33.Nxe4 Rh5+ 34.Kg1 Re1+ 35.Kf2 Rxe4 36.Rxe4 Ra5
37.a4 Kxg7 38.g4 Kf6 39.Kf3 Kg5 40.Rb4 Kg6 41.Kf4 Rc5 42.Kg3 Ra5 43.Kh4 Ra6
44.Rd4 Kh6 45.g5+ Kg6 46.Rc4 Rd6 47.a5 Ra6 48.Rc5 Rd6 49.Kg4 Rd4+ 50.Kf3 Ra4
51.Ke3 Rg4 52.Rc7 Rxg5 53.Rxa7 Kf6 54.Ra8 Rd5 55.Ke4 Rd7 56.a6 Ke6 57.a7 Kd6
58.Kf4 Kd5 59.Ke3 Re7+ 60.Kd3 Rd7 61.Kc3 Rc7+  1/2-1/2

[Event "Biel-B"]
[Site "Biel"]
[Date "1990.??.??"]
[Round "8"]
[White "Cramling, Pia"]
[Black "Groszpeter, Attila"]
[Result "1/2-1/2"]
[WhiteElo "2505"]
[BlackElo "2555"]

1.d4 Nf6 2.c4 g6 3.Nc3 d5 4.cxd5 Nxd5 5.e4 Nxc3 6.bxc3 Bg7 7.Bc4 c5 8.Ne2 Nc6
9.Be3 O-O 10.O-O Bd7 11.Rb1 Rc8 12.Bd3 e5 13.d5 Na5 14.Qc1 Qe7 15.Kh1 f5
16.exf5 gxf5 17.c4 b6 18.Bg5 Qf7 19.Ng3 Nb7 20.Be2 Qg6 21.f4 e4 22.Nh5 Bd4
23.Rb3 e3 24.Bh4 Nd6 25.Ng3 Qh6 26.Bg5 Qg7 27.Rf3 Kh8 28.Nh5 Qf7 29.Rfxe3 Rce8
30.Rxe8 Rxe8 31.Ng3 Ne4 32.Nxe4 fxe4  1/2-1/2

[Event "Biel op"]
[Site "Biel"]
[Date "1990.??.??"]
[Round "10"]
[White "Vyzmanavin, Alexey"]
[Black "Kindermann, Stefan"]
[Result "1/2-1/2"]
[WhiteElo "2585"]
[BlackElo "2530"]

1.d4 Nf6 2.c4 g6 3.Nc3 d5 4.cxd5 Nxd5 5.e4 Nxc3 6.bxc3 Bg7 7.Bc4 O-O 8.Ne2 b6
9.O-O Bb7 10.Bd3 Nc6 11.Be3 Qd7 12.Qd2 Rad8 13.Rad1 Na5 14.c4 Ba6 15.Qc2 Nc6
16.Qa4  1/2-1/2

[Event "Biel op"]
[Site "Biel"]
[Date "1990.??.??"]
[Round "10"]
[White "Schaufelberger, Heinz"]
[Black "Sanchez Almeyra, Jorge"]
[Result "1-0"]
[WhiteElo "2300"]
[BlackElo "2440"]

1.d4 Nf6 2.c4 g6 3.Nc3 d5 4.cxd5 Nxd5 5.e4 Nxc3 6.bxc3 Bg7 7.Nf3 c5 8.Rb1 O-O
9.Be2 cxd4 10.cxd4 Qa5+ 11.Bd2 Qxa2 12.O-O Nd7 13.Ra1 Qe6 14.Qb1 Qb6 15.Qd3 Qd8
16.Rfc1 e5 17.d5 Re8 18.d6 Nb6 19.Bg5 Bf6 20.Be3 Re6 21.Bxb6 Qxb6 22.d7 Bxd7
23.Qxd7 Rd8 24.Qa4 a6 25.Bc4 Rc6 26.Bd5 Rxc1+ 27.Rxc1 Qb2 28.Qc2 Qxc2 29.Rxc2 Rd7  1-0

[Event "Bielsko Biala op"]
[Site "Bielsko Biala"]
[Date "1990.??.??"]
[Round "1"]
[White "Agrest, Evgenij"]
[Black "Krzywicki, Dariusz"]
[Result "1-0"]
[WhiteElo "2415"]
[BlackElo "2265"]

1.d4 Nf6 2.c4 g6 3.Nc3 d5 4.cxd5 Nxd5 5.e4 Nxc3 6.bxc3 Bg7 7.Nf3 c5 8.Rb1 O-O
9.Be2 cxd4 10.cxd4 Qa5+ 11.Bd2 Qxa2 12.O-O b6 13.Qc1 Bb7 14.Bc4 Qa4 15.Bb5 Qa2
16.Re1 Rc8 17.Qd1 Qc2 18.Qe2 Qc7 19.Rec1 Qd8 20.Rxc8 Bxc8 21.Bf4 Bd7 22.Rc1 a6
23.Bc4 e6 24.d5 b5 25.Bb3 a5 26.dxe6 fxe6 27.Ng5 Qf6 28.Qf3 Ra6 29.Rd1 a4
30.Ba2 Rb6 31.Qe3 Rb7 32.Bxb8 Rxb8 33.e5 Qxe5 34.Qxe5 Bxe5 35.Rxd7 Bf6 36.Bxe6+ Kh8
37.Rxh7+  1-0

[Event "CSR-ch"]
[Site "Brno"]
[Date "1990.??.??"]
[Round "12"]
[White "Firt, Stanislav"]
[Black "Pribyl, Josef"]
[Result "1/2-1/2"]
[WhiteElo "2355"]
[BlackElo "2440"]

1.d4 Nf6 2.c4 g6 3.Nc3 d5 4.cxd5 Nxd5 5.e4 Nxc3 6.bxc3 Bg7 7.Bc4 c5 8.Ne2 Nc6
9.Be3 O-O 10.O-O Qc7 11.Rc1 Rd8 12.Bf4 Qd7 13.dxc5 Qe8 14.Bd5 Ne5 15.Nd4 e6
16.Bb3 Qe7 17.Be3 Nd7 18.Nb5 Be5 19.Bd4 Bb8 20.Qf3 a6 21.Nd6 Ba7 22.Rcd1 Rf8
23.c6 bxc6 24.e5 Bxd4 25.cxd4 Nb8 26.Rb1 Bd7 27.Bc4 Ra7 28.Rb6 c5 29.Rfb1 Bb5
30.Bxb5 axb5 31.R6xb5 Nd7 32.Rb7 Rxb7 33.Rxb7 cxd4 34.h4 Qd8 35.Qf4 d3 36.Ne4 Nxe5
37.Qxe5 d2 38.Nxd2 Qxd2 39.Rb2 Qc1+ 40.Kh2 Qc4 41.g3 Ra8 42.h5 Qd5 43.Rb8+  1/2-1/2

[Event "Spring op"]
[Site "Budapest"]
[Date "1990.??.??"]
[Round "1"]
[White "Szabo, Z."]
[Black "Ilincic, Zlatko"]
[Result "0-1"]
[WhiteElo "2225"]
[BlackElo "2490"]

1.d4 Nf6 2.c4 g6 3.Nc3 d5 4.cxd5 Nxd5 5.e4 Nxc3 6.bxc3 Bg7 7.Nf3 O-O 8.Be2 c5
9.Rb1 Nc6 10.d5 Bxc3+ 11.Bd2 Bxd2+ 12.Qxd2 Na5 13.h4 Bg4 14.h5 Bxf3 15.gxf3 e5
16.Qc3 Re8 17.hxg6 fxg6 18.Kd2 Qg5+ 19.Kc2 b6 20.Rbg1 Qf6 21.f4 Qxf4 22.Qh3 Qf7
23.Rh2 Kh8 24.Bg4 Re7 25.Be6 Qf6 26.Qh6 Nc6 27.Rxg6 Nd4+ 28.Kb1 Qf3 29.Qg5 Qxe4+
30.Kb2 Qc2+ 31.Ka1 Qc3+ 32.Kb1 Qb4+ 33.Kc1 Nxe6 34.Qf6+ Ng7 35.Qxe7 Qc3+  0-1

[Event "Noviki-B"]
[Site "Budapest"]
[Date "1990.??.??"]
[Round "5"]
[White "Blees, Albert"]
[Black "Mikhalchishin, Adrian"]
[Result "0-1"]
[WhiteElo "2400"]
[BlackElo "2485"]

1.d4 Nf6 2.c4 g6 3.Nc3 d5 4.cxd5 Nxd5 5.e4 Nxc3 6.bxc3 Bg7 7.Nf3 c5 8.Be3 Qa5
9.Qd2 O-O 10.Rc1 e6 11.Bd3 Rd8 12.Bg5 f6 13.Be3 cxd4 14.cxd4 Qxd2+ 15.Kxd2 Nc6
16.Rc4 Bd7 17.Rb1 Bf8 18.Ke2 b6 19.Bd2 Rac8 20.Rcc1 Be8 21.Bb5 Kf7 22.Bc4 Ba3
23.Rc2 Rxd4 24.Rc3 Rxe4+ 25.Kd3 Rxc4 26.Rxc4 e5 27.g4 Bd7 28.Rc3 Bc5 29.g5 Bf5+
30.Ke2 Bxb1 31.gxf6 Kxf6 32.Bg5+ Ke6 33.Bh4 Nd4+ 34.Nxd4+ exd4  0-1

[Event "Noviki-B"]
[Site "Budapest"]
[Date "1990.??.??"]
[Round "7"]
[White "Schneider, Attila"]
[Black "Blees, Albert"]
[Result "0-1"]
[WhiteElo "2425"]
[BlackElo "2400"]

1.d4 Nf6 2.c4 g6 3.Nc3 d5 4.cxd5 Nxd5 5.e4 Nxc3 6.bxc3 Bg7 7.Bc4 O-O 8.Ne2 Nc6
9.h4 Na5 10.Bd3 c5 11.h5 cxd4 12.hxg6 hxg6 13.cxd4 Nc6 14.Bh6 Bxh6 15.Rxh6 Nxd4
16.Qd2 e5 17.Nxd4 Qxd4 18.Rd1 Kg7 19.Rh4 Be6 20.Qh6+ Kf6 21.f4 Qg1+ 22.Bf1 Qe3+
23.Be2 Qg3+  0-1

[Event "Budapest"]
[Site "Budapest"]
[Date "1990.??.??"]
[Round "7"]
[White "Horvath, Csaba"]
[Black "Filipovic, Branko"]
[Result "1-0"]
[WhiteElo "2460"]
[BlackElo "2445"]

1.d4 Nf6 2.c4 g6 3.Nc3 d5 4.cxd5 Nxd5 5.e4 Nxc3 6.bxc3 Bg7 7.Bc4 c5 8.Ne2 Nc6
9.Be3 O-O 10.O-O Bg4 11.f3 Na5 12.Bxf7+ Rxf7 13.fxg4 Rxf1+ 14.Kxf1 cxd4 15.cxd4 e5
16.d5 Nc4 17.Bf2 Qf6 18.Kg1 Rf8 19.Bc5 Rc8 20.Bxa7 Bh6 21.Nc3 Qa6 22.Bf2 Nd6
23.g5 Rxc3 24.gxh6 Nxe4 25.Qg4 Nf6 26.Qg5 Qd6 27.Re1 Rd3 28.Rxe5 Rxd5 29.Rxd5 Qxd5
30.Qc1 Kf7 31.a3 Ke6 32.h3 b5 33.Qe3+ Kf7 34.Bh4 Qd1+ 35.Kh2 Qd6+ 36.Bg3 Qd5
37.Be5 Ne4 38.Qf4+ Ke6 39.Bb8 Nf6 40.Qe3+ Kf7 41.Be5 Ne4 42.Qa7+ Ke6 43.Bf4 Qd7
44.Qb8 Nf6 45.Be5 Ne8 46.h4 Kf7 47.Qb6 Qe7 48.Qf2+ Ke6 49.Bb2 Qd6+ 50.g3 Qd5
51.Qe3+ Kd7 52.Bc3 Nd6 53.Bb4 Ne4 54.Qa7+ Ke6 55.Qe7+ Kf5 56.Qf8+ Nf6 57.Bc3 Qe6
58.Qxf6+ Qxf6 59.g4+ Ke6 60.Bxf6 Kxf6 61.g5+ Ke5 62.Kg3 Kf5 63.Kf3 Ke5 64.h5 Kf5
65.hxg6 Kxg6 66.Kg4 Kf7 67.Kf5 Kf8 68.Kf6  1-0

[Event "Spring op"]
[Site "Budapest"]
[Date "1990.??.??"]
[Round "8"]
[White "Marin, Mihail"]
[Black "Nicholson, J."]
[Result "1-0"]
[WhiteElo "2480"]
[BlackElo "2325"]

1.d4 Nf6 2.c4 g6 3.Nc3 d5 4.cxd5 Nxd5 5.e4 Nxc3 6.bxc3 Bg7 7.Bc4 c5 8.Ne2 O-O
9.Be3 Nc6 10.Rc1 cxd4 11.cxd4 Qa5+ 12.Kf1 Bd7 13.h4 b5 14.Bb3 Qd8 15.h5 e5
16.hxg6 hxg6 17.Qd2 Nxd4 18.Nxd4 exd4 19.Bh6 Qf6 20.Rc7 Bg4 21.Bxg7 Qxg7
22.Qg5  1-0

[Event "Spring op"]
[Site "Budapest"]
[Date "1990.??.??"]
[Round "8"]
[White "Klebel, Martin"]
[Black "Malisauskas, Vidmantas"]
[Result "1-0"]
[WhiteElo "2335"]
[BlackElo "2500"]

1.d4 Nf6 2.c4 g6 3.Nc3 d5 4.cxd5 Nxd5 5.e4 Nxc3 6.bxc3 Bg7 7.Bc4 O-O 8.Be3 c5
9.Ne2 Nc6 10.Rc1 Na5 11.Bd3 cxd4 12.cxd4 b6 13.O-O e6 14.Qd2 Bb7 15.Bh6 Rc8
16.Rxc8 Qxc8 17.Rc1 Qd7 18.Bxg7 Kxg7 19.Qf4 Rc8 20.Rxc8 Bxc8 21.e5 Qd8 22.Nc3 Bb7
23.Nb5 Ba6 24.Nd6 Bxd3 25.Qxf7+ Kh6 26.Qf3 Qh4 27.Qxd3 Nc6 28.Qe3+ Kg7 29.Qf3 Nxd4
30.Qf7+ Kh6 31.Qf8+ Kh5 32.Ne8 Qf4 33.Nf6+ Kg5 34.Nxh7+ Kh5 35.Nf6+ Kg5 36.h4+ Qxh4
37.g3 Ne2+ 38.Kg2 Qc4 39.Nh7+ Kh5 40.Nf6+ Kg5 41.Nh7+ Kh5 42.Nf6+  1-0

[Event "Buenos Aires op"]
[Site "Buenos Aires"]
[Date "1990.??.??"]
[Round "5"]
[White "Glavina, Pablo"]
[Black "Darcyl, Tomas"]
[Result "1-0"]
[WhiteElo "2390"]
[BlackElo "2350"]

1.d4 Nf6 2.c4 g6 3.Nc3 d5 4.cxd5 Nxd5 5.e4 Nxc3 6.bxc3 Bg7 7.Nf3 c5 8.Rb1 O-O
9.Be2 cxd4 10.cxd4 Qa5+ 11.Bd2 Qxa2 12.O-O Nd7 13.Bb4 Nb6 14.Ra1 Qe6 15.Bd3 Nc4
16.d5 Qb6 17.Bxe7 Nb2 18.Qb1 Re8 19.d6 Be6 20.e5 Bg4 21.Be2 Bxf3 22.Bxf3 Bxe5
23.Qa2 Nd3 24.Rab1 Qd4 25.Bxb7 Rab8 26.Qd5 Qxd5 27.Bxd5 Nb2 28.g3 a5 29.Bc6 Rec8
30.Rfc1 Nd3 31.Rxb8 Rxb8 32.Rd1 Nb4 33.Ba4 Rb6 34.d7 Bc7 35.Rc1  1-0

[Event "Cannes op2"]
[Site "Cannes"]
[Date "1990.??.??"]
[Round "?"]
[White "Hauchard, Arnaud"]
[Black "Spiridonov, Nikola"]
[Result "1/2-1/2"]
[WhiteElo "2340"]
[BlackElo "2405"]

1.d4 Nf6 2.c4 g6 3.Nc3 d5 4.cxd5 Nxd5 5.e4 Nxc3 6.bxc3 Bg7 7.Bc4 O-O 8.Ne2 Qd7
9.O-O b6 10.Be3 Bb7 11.f3 Nc6 12.Qd2 Na5 13.Bd3 c5 14.Bh6 cxd4 15.Bxg7 Kxg7
16.cxd4 Rac8 17.Qb4 Rfd8 18.Bb5 Qd6 19.Qxd6 Rxd6 20.Rfc1 Rdd8 21.Kf2 e6 22.Ke3 Kf8
23.g4 h6 24.h4 Ke7 25.Rab1 Rxc1 26.Rxc1 Rc8 27.Rxc8 Bxc8 28.Nc3 a6  1/2-1/2

[Event "Cannes op2"]
[Site "Cannes"]
[Date "1990.??.??"]
[Round "?"]
[White "Vaisser, Anatoli"]
[Black "Mrdja, Milan"]
[Result "1-0"]
[WhiteElo "2540"]
[BlackElo "2395"]

1.d4 Nf6 2.c4 g6 3.Nc3 d5 4.cxd5 Nxd5 5.e4 Nxc3 6.bxc3 Bg7 7.Nf3 c5 8.Rb1 O-O
9.Be2 cxd4 10.cxd4 Qa5+ 11.Bd2 Qxa2 12.O-O Qe6 13.Qc2 Qc6 14.Bc4 b6 15.Qd3 Bb7
16.d5 Qe8 17.Bb4 Nd7 18.Qa3 Bf6 19.e5 a5 20.Bc3 Bg7 21.e6 fxe6 22.Bxg7 Kxg7
23.Ng5 exd5 24.Bb5 Rf6 25.Qh3 h6 26.Bxd7  1-0

[Event "Cannes op"]
[Site "Cannes"]
[Date "1990.??.??"]
[Round "1"]
[White "Soyer, Jean Yves"]
[Black "Blees, Albert"]
[Result "0-1"]
[WhiteElo "2160"]
[BlackElo "2400"]

1.d4 Nf6 2.c4 g6 3.Nc3 d5 4.cxd5 Nxd5 5.e4 Nxc3 6.bxc3 Bg7 7.Nf3 c5 8.Be3 Qa5
9.Qd2 Nc6 10.Rb1 a6 11.Rc1 cxd4 12.cxd4 Qxd2+ 13.Kxd2 f5 14.e5 Be6 15.Bc4 Bxc4
16.Rxc4 O-O 17.Ke2 f4 18.Bd2 Rad8 19.Bc3 h6 20.h4 Rd7 21.Re1 Rc8 22.Ba1 e6
23.Rd1 Rcd8 24.Rdc1 Rd5 25.R1c2 Bf8 26.Bc3 Be7 27.g4 fxg3 28.fxg3 R8d7 29.Ke3 Bd8
30.Ke4 Ne7 31.g4 Kg7 32.Bb4 Nc6 33.Bd6 Rf7 34.Bc5 g5 35.hxg5 hxg5 36.Ke3 Rf4
37.Rg2 Rd7 38.Rg3 Kg6 39.Rc1 Rh7 40.Rf1 Ba5 41.Rd1 Bb4 42.Bd6 Bc3 43.Bc5 b5
44.Bd6 Na5 45.d5 Nc4+ 46.Kd3 Nb2+ 47.Kxc3 Nxd1+ 48.Kd2 Nf2  0-1

[Event "Cannes op"]
[Site "Cannes"]
[Date "1990.??.??"]
[Round "5"]
[White "Maksimovic, Suzana"]
[Black "Palac, Mladen"]
[Result "1-0"]
[WhiteElo "2280"]
[BlackElo "2505"]

1.d4 Nf6 2.c4 g6 3.Nc3 d5 4.cxd5 Nxd5 5.e4 Nxc3 6.bxc3 Bg7 7.Be3 c5 8.Bc4 Qa5
9.Qd2 Nc6 10.Ne2 O-O 11.Rd1 Bd7 12.O-O Rac8 13.Qb2 cxd4 14.cxd4 Nb4 15.Bb3 Bb5
16.Rd2 e5 17.Rfd1 Nc6 18.d5 Nb8 19.Rc1 Rxc1+ 20.Qxc1 Nd7 21.Rc2 Bd3 22.Rc7 Nf6
23.Ng3 Nxe4 24.Rxb7 a6 25.Rc7 Nd6 26.Rc6 Nb5 27.Bb6 Qb4 28.Bc5 Qh4 29.Bxf8 Bxf8
30.Rc8 Kg7 31.Qe3 Qd4 32.Nh5+ gxh5 33.Qg5+ Bg6  1-0